000 00424nam a2200181Ia 4500
001 13392
005 20260306164758.0
008 260306t2010||||xx |||||||||||||| ||spa||
041 _aESP
082 _a003.3
_bT73
100 _aTorres Vega, Pedro J.
_eAUT
245 0 _aSimulación de sistemas con el software Arena
260 _c2010
300 _a
_c
650 _aGEN
654 _aCCC
942 _cLIB
_dJUS
_fJUS
_2ddc
_n
999 _c13392
_d13392